| 000 | 00745nas a2200253 4500 | ||
|---|---|---|---|
| 001 | BR7903303 | ||
| 003 | BR-BrBNA | ||
| 005 | 20231205083742.0 | ||
| 007 | ta | ||
| 008 | 230509b bl.|||p| |||| 00| 00por d | ||
| 040 |
_aBR-BrBNA _bpor _cBiblioteca Nacional de Agricultura |
||
| 041 | _a(Pt) | ||
| 072 | _aQ20 | ||
| 100 | 1 | _aTank, S.M. | |
| 245 | 1 | _aAdaptacao de leveduras a vinhaca e vinhaca suplementada com melaco | |
| 650 | _aMICROBIOLOGIA DE ALIMENTO | ||
| 650 | _aVINHACA | ||
| 650 | _aFERMENTO | ||
| 650 | _aMELACO | ||
| 650 | _aMICROBIOLOGIA INDUSTRIAL | ||
| 773 | 0 |
_tCiencia e Cultura (Brazil) _xISSN 0009-6752 _g(May 1979), v. 31(5) p. 522-530 _wBR7903303 |
|
| 909 |
_a202311 _bLúcia _c55 _dLúcia Elande |
||
| 942 |
_2AGRIS _n0 _cANA |
||
| 999 |
_c100963 _d100963 |
||